| 000 | 00461nam a22001937a 4500 | ||
|---|---|---|---|
| 003 | MPLRDC | ||
| 005 | 20220104113928.0 | ||
| 008 | 210129b ||||| |||| 00| 0 eng d | ||
| 020 | _a957-9525-85-4 | ||
| 082 | _a848.2 QJ-4 | ||
| 100 | _a琦君著 | ||
| 245 |
_a橘子红了 _c |
||
| 250 | _a三印 | ||
| 260 |
_a _b洪范书店有限公司 _c1992 |
||
| 300 | _b平 | ||
| 490 | _a洪范文学丛书;223 | ||
| 650 | _a现代别集 | ||
| 942 |
_cBK _o848.2 QJ-4 |
||
| 999 |
_c3466 _d3456 |
||